000 00912nam0a22002651 4500
001 rc\3044904
005 20250806202118.0
035 _a(NLR Aleph) 007184728
090 _a42932
_c42932
100 _a20111007d1944 u y0rusy50 ca
101 0 _arus
102 _aRU
105 _aa z |||||
200 1 _aВасины друзья
_fТекст О. Высотской
_gРис. Виктора Цигаль
210 _aСвердловск
_cУральский рабочий
_d[1944]
215 _a16 с. на 1 складном л.
_cил.
_d11х8 см
700 1 _aВысотская
_bО.И.
_f1903-1970
_gОльга Ивановна
702 1 _aЦигаль
_bВ.
_gВиктор
_4440
801 0 _aRU
_bNLR
_gpsbo
801 1 _aRU
_bELAR
_2rusmarc
852 _aNLR
_jДл02 Г-0/52
942 _cBOOK
945 _aРоссийская национальная библиотека
980 _aNB
980 _aBV